[Event "XXXIV C.to Italiano Seniores"]
[Site "Arvier ITA"]
[Date "2012.04.16"]
[Round "3"]
[White "Lodi, Paolo"]
[Black "Lisandri, Luigi"]
[WhiteElo "1595"]
[BlackElo "1434"]
[Result "1-0"]
[PlyCount "86"]
[EventDate "2012.04.14"]

1. Nf3 Nf6 2. c4 e6 3. b3 c6 4. Bb2 Bc5 5. g3 d6 6. d4 Bb4+ 7. Nbd2 Qa5 8. a3
Bxd2+ 9. Nxd2 O-O 10. Bg2 d5 11. O-O Nbd7 12. Qc2 Qd8 13. Nf3 Re8 14. c5 Ne4
15. b4 Ng5 16. Ne5 Nxe5 17. dxe5 h6 18. h4 Nh7 19. Rad1 Qe7 20. Rd3 Bd7 21. Rf3
Rf8 22. Qd2 Rad8 23. Rf4 Bc8 24. Rg4 Kh8 25. Qe3 Rg8 26. Bd4 Bd7 27. Bb2 Rdf8
28. Qc3 Be8 29. e4 h5 30. Rf4 g5 31. hxg5 Rxg5 32. exd5 cxd5 33. Rh4 Rfg8 34.
Rd1 Rf5 35. Rdd4 Qg5 36. Rdf4 Rxf4 37. Rxf4 Nf8 38. Rf6 Nd7 39. Bc1 Qg4 40.
Rh6+ Kg7 41. Bf3 Qf5 42. Rxh5 Kf8 43. Rxf5 exf5 1-0

[Event "XXXIV C.to Italiano Seniores"]
[Site "Arvier ITA"]
[Date "2012.04.16"]
[Round "3"]
[White "Maestri, Roberto"]
[Black "Giani, Franco"]
[WhiteElo "1711"]
[BlackElo "1942"]
[Result "0-1"]
[PlyCount "58"]
[EventDate "2012.04.14"]

1. e4 c5 2. d4 d6 3. dxc5 Qa5+ 4. Nc3 Qxc5 5. Be3 Qa5 6. Nf3 Nf6 7. Bc4 Nxe4 8.
O-O Nxc3 9. bxc3 e6 10. Qe2 Be7 11. Bb5+ Bd7 12. Bd2 Qxb5 13. c4 Qa6 14. Nd4
Bf6 15. Nb5 Bxb5 16. cxb5 Qb6 17. Rab1 Nd7 18. a4 O-O 19. a5 Qc7 20. Rfc1 b6
21. a6 Rac8 22. Bf4 Be5 23. Bg5 Nc5 24. c4 Rfe8 25. f4 Bd4+ 26. Kh1 e5 27. Re1
Ne6 28. fxe5 Bxe5 29. Rbc1 Nxg5 0-1

[Event "XXXIV C.to Italiano Seniores"]
[Site "Arvier ITA"]
[Date "2012.04.16"]
[Round "3"]
[White "Pierantoni, Guglielmo"]
[Black "Catalfamo, Santo"]
[WhiteElo "1693"]
[BlackElo "1794"]
[Result "0-1"]
[PlyCount "111"]
[EventDate "2012.04.14"]

1. e4 e5 2. Nf3 Nc6 3. Bb5 Bc5 4. O-O d6 5. h3 Nf6 6. d3 h6 7. c3 a6 8. Ba4 O-O
9. Be3 Bxe3 10. fxe3 b5 11. Bc2 Ne7 12. Nbd2 Ng6 13. Rc1 Qe7 14. Bb3 Bb7 15. c4
c5 16. Qe1 Nh7 17. Qg3 b4 18. a3 a5 19. Bc2 a4 20. Rfe1 b3 21. Bb1 Rfd8 22. d4
Nhf8 23. Bd3 Bc8 24. Rcd1 Rd7 25. d5 Qe8 26. h4 f6 27. h5 Nh8 28. Nh4 Qxh5 29.
Rf1 Qg5 30. Qxg5 fxg5 31. Nf5 Nf7 32. Rf2 g6 33. Ng3 Kg7 34. Rdf1 Nh7 35. Be2
Re7 36. Nb1 Ba6 37. Nc3 Bc8 38. Nb5 h5 39. Nxh5+ gxh5 40. Bxh5 Nh8 41. Nxd6 Kh6
42. g4 Kg7 43. Nf5+ Bxf5 44. exf5 Kf6 45. e4 Nf8 46. Rd1 Rd8 47. d6 Red7 48.
Rfd2 Nf7 49. Bxf7 Rxf7 50. Rd5 Nd7 51. Kf2 Rh7 52. Kg3 Rdh8 53. R1d2 Rh3+ 54.
Kg2 R8h4 55. R2d3 Rh2+ 56. Kg3 0-1

[Event "XXXIV C.to Italiano Seniores"]
[Site "Arvier ITA"]
[Date "2012.04.16"]
[Round "3"]
[White "Pipitone, Antonio"]
[Black "Cova, Ennio"]
[WhiteElo "1941"]
[BlackElo "1700"]
[Result "1-0"]
[PlyCount "39"]
[EventDate "2012.04.14"]

1. e4 e5 2. Nf3 Nc6 3. Bb5 Nge7 4. O-O d5 5. exd5 Qxd5 6. Nc3 Qc5 7. Qe2 Ng6 8.
d4 Qd6 9. dxe5 Qe6 10. Bc4 Qg4 11. Nd5 Kd8 12. Bg5+ Be7 13. Nxe7 Ngxe7 14. Bxf7
Bd7 15. Rad1 Kc8 16. h3 Qf5 17. Bh5 Rf8 18. Rd3 h6 19. Bxe7 Nxe7 20. Nd4 1-0

[Event "XXXIV C.to Italiano Seniores"]
[Site "Arvier ITA"]
[Date "2012.04.16"]
[Round "3"]
[White "Quagliarella, Sabino Remo"]
[Black "Nipote, Mario"]
[WhiteElo "1901"]
[BlackElo "1504"]
[Result "1/2-1/2"]
[PlyCount "129"]
[EventDate "2012.04.14"]

1. d4 e6 2. Nf3 d5 3. Bf4 c5 4. c3 Nc6 5. e3 Nf6 6. Be2 cxd4 7. exd4 Be7 8. O-O
O-O 9. Nbd2 a5 10. Ne5 Bd7 11. Nxd7 Qxd7 12. Bb5 Bd6 13. Bg5 Be7 14. Nf3 Ne4
15. Bf4 Bd6 16. Ne5 Qc7 17. f3 Nxe5 18. fxe4 Ng6 19. Bxd6 Qxd6 20. e5 Qb6 21.
Qe2 Qd8 22. Bd3 Qg5 23. Qf2 f5 24. Rae1 f4 25. Bxg6 Qxg6 26. Qh4 f3 27. Rf2 Rf7
28. Kh1 Raf8 29. Rg1 h6 30. gxf3 Qh7 31. Qg4 Rf5 32. Qg6 Qxg6 33. Rxg6 Kf7 34.
Rfg2 Rg8 35. R6g3 b5 36. a3 a4 37. Kg1 g5 38. h4 Rg7 39. hxg5 Rfxg5 40. Kf2
Rxg3 41. Rxg3 Rxg3 42. Kxg3 Kg6 43. Kh4 h5 44. f4 Kh6 45. f5 exf5 46. e6 Kg6
47. e7 Kf7 48. Kg5 h4 49. e8=Q+ Kxe8 50. Kxh4 Kf7 51. Kg3 Kf6 52. Kf4 Kg6 53.
Ke5 Kg5 54. Kxd5 Kf6 55. c4 bxc4 56. Kxc4 f4 57. Kd3 Kf5 58. d5 Ke5 59. d6 Kxd6
60. Ke4 Kc5 61. Kxf4 Kc4 62. Ke4 Kb3 63. Kd3 Kxb2 64. Kd2 Kxa3 65. Kc1 1/2-1/2

[Event "XXXIV C.to Italiano Seniores"]
[Site "Arvier ITA"]
[Date "2012.04.16"]
[Round "3"]
[White "Rosino, Antonio"]
[Black "Papa, Angelo"]
[WhiteElo "2234"]
[BlackElo "1852"]
[Result "1-0"]
[PlyCount "67"]
[EventDate "2012.04.14"]

1. e4 g6 2. d4 Bg7 3. Nc3 c6 4. f4 d5 5. e5 Nh6 6. Nf3 O-O 7. Be3 Bg4 8. Be2 f6
9. O-O Nd7 10. h3 Bxf3 11. Bxf3 fxe5 12. fxe5 Nf5 13. Bf2 e6 14. Ne2 Bh6 15.
Qd3 c5 16. c3 c4 17. Qc2 Be3 18. Rae1 Qg5 19. Nc1 Bxf2+ 20. Rxf2 h5 21. Qd2
Qxd2 22. Rxd2 Nh4 23. Bd1 Rf7 24. Rf1 Raf8 25. Rxf7 Rxf7 26. Rf2 Nf8 27. Rxf7
Kxf7 28. Kf2 Nf5 29. g3 Nh7 30. h4 Nf8 31. Ne2 Nd7 32. Nf4 a6 33. Bf3 a5 34.
Bxd5 1-0

[Event "XXXIV C.to Italiano Seniores"]
[Site "Arvier ITA"]
[Date "2012.04.16"]
[Round "3"]
[White "Scalfi, Agostino"]
[Black "Nai, Giovanni"]
[WhiteElo "1923"]
[BlackElo "1651"]
[Result "1/2-1/2"]
[PlyCount "46"]
[EventDate "2012.04.14"]

1. e4 e5 2. Nf3 Nc6 3. Bc4 Nf6 4. Ng5 d5 5. exd5 Nd4 6. c3 b5 7. Be2 Nxe2 8.
Qxe2 Bd6 9. d4 O-O 10. O-O exd4 11. cxd4 a5 12. Qf3 Bg4 13. Qd3 h6 14. f3 Bd7
15. Ne4 Nxd5 16. Nxd6 cxd6 17. Bd2 Qb6 18. Kh1 b4 19. Qe4 Nf6 20. Qh4 Qb5 21.
Rg1 Qh5 22. Qg3 d5 23. Bf4 Qf5 1/2-1/2

[Event "XXXIV C.to Italiano Seniores"]
[Site "Arvier ITA"]
[Date "2012.04.16"]
[Round "3"]
[White "Tedesco, Fernando"]
[Black "Brioschi, Camillo"]
[WhiteElo "1685"]
[BlackElo "1839"]
[Result "1/2-1/2"]
[PlyCount "31"]
[EventDate "2012.04.14"]

1. e4 e5 2. Nc3 Nf6 3. Nf3 Nc6 4. d3 Bb4 5. Bd2 d5 6. exd5 Nxd5 7. Nxd5 Bxd2+
8. Qxd2 Qxd5 9. Be2 O-O 10. O-O Bg4 11. Rfe1 Rad8 12. Qc3 Rfe8 13. a3 Nd4 14.
Nxd4 exd4 15. Qd2 Bxe2 16. Rxe2 1/2-1/2

[Event "XXXIV C.to Italiano Seniores"]
[Site "Arvier ITA"]
[Date "2012.04.16"]
[Round "3"]
[White "Valenti, Giuseppe"]
[Black "Gardi, Giuseppe"]
[WhiteElo "2138"]
[BlackElo "2013"]
[Result "1-0"]
[PlyCount "87"]
[EventDate "2012.04.14"]

1. e4 g6 2. d4 Bg7 3. Nf3 d6 4. Be2 c6 5. O-O Nf6 6. Nc3 O-O 7. h3 Nbd7 8. e5
Ne8 9. Bg5 f6 10. exf6 Nexf6 11. Qd2 Nb6 12. Rfe1 Be6 13. Bf1 Bf7 14. Bh6 Qd7
15. b3 Rae8 16. Rad1 Nbd5 17. Ne4 Nxe4 18. Rxe4 Be6 19. Rde1 Bf5 20. Bxg7 Bxe4
21. Bxf8 Bxf3 22. Bh6 Bh5 23. g4 Bxg4 24. hxg4 Qxg4+ 25. Bg2 e5 26. dxe5 dxe5
27. c4 Nf6 28. Qg5 Qf5 29. Qxf5 gxf5 30. Bh3 f4 31. Bf5 Kf7 32. Kg2 Ng8 33. Bg5
h6 34. Bh4 Nf6 35. Kf3 h5 36. Rd1 Kg7 37. Rg1+ Ng4 38. Bxg4 hxg4+ 39. Kxg4 Kg6
40. Kf3+ Kh5 41. Bf6 Re6 42. Bg7 Re8 43. Re1 Kg6 44. Bxe5 1-0

[Event "XXXIV C.to Italiano Seniores"]
[Site "Arvier ITA"]
[Date "2012.04.16"]
[Round "3"]
[White "Zangrando, Gianpietro"]
[Black "D'Aulisa, Francesco"]
[WhiteElo "1780"]
[BlackElo "1755"]
[Result "0-1"]
[PlyCount "36"]
[EventDate "2012.04.14"]

1. Nf3 d6 2. c4 e6 3. g3 b6 4. Bg2 Bb7 5. O-O h6 6. Nc3 Ne7 7. e4 Nd7 8. d4 g5
9. Re1 Ng6 10. Be3 a6 11. Rb1 e5 12. Nd5 Bg7 13. Bh3 O-O 14. Bf5 Ne7 15. Bxg5
hxg5 16. Nxg5 Nxf5 17. Qh5 Nh6 18. Ne3 Nf6 0-1

[Event "XXXIV C.to Italiano Seniores"]
[Site "Arvier ITA"]
[Date "2012.04.17"]
[Round "4"]
[White "Acunzo, Domenico"]
[Black "Chiandussi, Livio"]
[WhiteElo "1717"]
[BlackElo "1484"]
[Result "1-0"]
[PlyCount "81"]
[EventDate "2012.04.14"]

1. e4 e6 2. d4 d5 3. Nc3 Nf6 4. Bg5 Be7 5. e5 Nfd7 6. h4 a6 7. Qg4 O-O 8. Bh6
g6 9. Bxf8 Nxf8 10. Nf3 c5 11. O-O-O Nc6 12. dxc5 Bxc5 13. Qf4 Ne7 14. h5 Nf5
15. g4 Ng7 16. hxg6 fxg6 17. Bd3 Qe8 18. Ng5 b5 19. Rh3 Be7 20. Nxh7 Qf7 21.
Nf6+ Bxf6 22. exf6 Ne8 23. g5 e5 24. Qh4 Bxh3 25. Rh1 Qh7 26. Qg3 e4 27. Rxh3
Qd7 28. Be2 Kf7 29. Bg4 Qd6 30. Qxd6 Nxd6 31. Nxd5 Nf5 32. Ne3 Rc8 33. Nxf5
gxf5 34. Bxf5 Rc5 35. Bxe4 Rxg5 36. Rf3 Nd7 37. b3 Nxf6 38. Bd3 Ke7 39. c4 Nd7
40. cxb5 axb5 41. b4 1-0

[Event "XXXIV C.to Italiano Seniores"]
[Site "Arvier ITA"]
[Date "2012.04.17"]
[Round "4"]
[White "Brioschi, Camillo"]
[Black "Bisignano, Giuseppe"]
[WhiteElo "1839"]
[BlackElo "1850"]
[Result "1/2-1/2"]
[PlyCount "106"]
[EventDate "2012.04.14"]

1. d4 d5 2. c4 e6 3. Nc3 Nf6 4. Bg5 Nbd7 5. cxd5 exd5 6. e3 c6 7. Qc2 Bd6 8.
Bd3 h6 9. Bh4 O-O 10. Nf3 Qc7 11. Rc1 a6 12. O-O Qb8 13. Bg3 Bxg3 14. hxg3 Re8
15. Rfe1 Nf8 16. b4 Qd6 17. a3 Bg4 18. Ne5 Bh5 19. Na4 N8d7 20. Nxd7 Nxd7 21.
Nc5 Rab8 22. Nxd7 Qxd7 23. Qc5 Re7 24. a4 Bg6 25. Bxg6 fxg6 26. b5 axb5 27.
axb5 cxb5 28. Rb1 b4 29. Rxb4 Rf7 30. Rb5 Qf5 31. Rf1 Rd8 32. Qa7 Rdd7 33. Qa2
Rf6 34. Qb1 Rff7 35. Rb6 Rc7 36. Rxg6 Rc2 37. Rb6 Qc8 38. Qb3 Qf5 39. Qb1 Qc8
40. Qb3 Rcxf2 41. Rxf2 Qc1+ 42. Kh2 Rxf2 43. Qxd5+ Kh8 44. Rxb7 Qxe3 45. Rb8+
Kh7 46. Qg8+ Kg6 47. Qe8+ Qxe8 48. Rxe8 Rd2 49. Re4 Rd3 50. g4 h5 51. gxh5+
Kxh5 52. g4+ Kh4 53. Kg2 Rd2+ 1/2-1/2

[Event "XXXIV C.to Italiano Seniores"]
[Site "Arvier ITA"]
[Date "2012.04.17"]
[Round "4"]
[White "Catalfamo, Santo"]
[Black "Tedesco, Fernando"]
[WhiteElo "1794"]
[BlackElo "1685"]
[Result "0-1"]
[PlyCount "116"]
[EventDate "2012.04.14"]

1. e4 e6 2. d4 d5 3. e5 c5 4. Nf3 cxd4 5. Nxd4 Bc5 6. c3 Bxd4 7. cxd4 Ne7 8.
Bd3 Nbc6 9. Be3 Qb6 10. Qd2 Nb4 11. Be2 Bd7 12. a3 Nbc6 13. O-O Na5 14. Qb4
Qxb4 15. axb4 Nac6 16. b5 Nd8 17. f4 Nf5 18. Bf2 b6 19. Nd2 Nb7 20. b4 O-O 21.
g4 Ne7 22. Bd3 Rfc8 23. Rfc1 Rxc1+ 24. Rxc1 Rc8 25. Ra1 Ra8 26. Nf3 h6 27. h4
g6 28. Kg2 Kg7 29. h5 gxh5 30. gxh5 Nf5 31. Kh3 Kf8 32. Nh4 Ng7 33. Be2 Ke7 34.
Rg1 Kf8 35. Be3 Nf5 36. Nxf5 exf5 37. Bf2 Nd8 38. Bh4 Ne6 39. Kg3 Nxd4 40. Bd3
Bxb5 41. Bxb5 Nxb5 42. Rc1 Nd4 43. Rc7 Ne6 44. Rd7 d4 45. Kf3 a5 46. Rd6 a4 47.
Rc6 a3 48. Rc1 a2 49. Ra1 b5 50. Bg3 Ke8 51. Ke2 Kd7 52. Kd2 Kc6 53. Kc2 Kd5
54. Kb2 Ng7 55. Be1 Nxh5 56. Bd2 Ng7 57. Be1 Ne6 58. Bd2 h5 0-1

[Event "XXXIV C.to Italiano Seniores"]
[Site "Arvier ITA"]
[Date "2012.04.17"]
[Round "4"]
[White "Colombo, Paolo"]
[Black "Rosino, Antonio"]
[WhiteElo "2119"]
[BlackElo "2234"]
[Result "0-1"]
[PlyCount "96"]
[EventDate "2012.04.14"]

1. d4 Nf6 2. Nf3 g6 3. c4 Bg7 4. Nc3 d5 5. Bg5 Ne4 6. Bf4 Nxc3 7. bxc3 O-O 8.
e3 c6 9. Qb3 Qa5 10. Be2 b6 11. O-O Nd7 12. cxd5 Qxd5 13. c4 Qa5 14. e4 c5 15.
Bd2 Qa6 16. d5 Ne5 17. Bc3 Nxf3+ 18. Bxf3 e5 19. Be2 Qb7 20. Qb2 Qe7 21. f4 Re8
22. Rf2 f5 23. fxe5 Bxe5 24. exf5 Bxf5 25. Rd1 Bxc3 26. Qxc3 Qe5 27. Qxe5 Rxe5
28. g4 Rxe2 29. gxf5 Rxf2 30. Kxf2 gxf5 31. Kf3 Kf7 32. Kf4 Re8 33. Kxf5 Re2
34. h3 Ke7 35. Rg1 Kd6 36. Rg7 Rc2 37. Rg4 b5 38. cxb5 Rxa2 39. Rh4 Kxd5 40.
Rxh7 c4 41. Kf4 Kd4 42. Rd7+ Kc3 43. Rb7 Kd3 44. Rd7+ Kc2 45. Ke4 c3 46. Rb7
Kd2 47. Rd7+ Ke2 48. Rg7 c2 0-1

[Event "XXXIV C.to Italiano Seniores"]
[Site "Arvier ITA"]
[Date "2012.04.17"]
[Round "4"]
[White "D'Aulisa, Francesco"]
[Black "Laco, Giuseppe"]
[WhiteElo "1755"]
[BlackElo "2098"]
[Result "0-1"]
[PlyCount "84"]
[EventDate "2012.04.14"]

1. e4 c5 2. f4 e5 3. Nf3 exf4 4. Bc4 Nc6 5. d3 Bd6 6. c3 Nh6 7. d4 cxd4 8. cxd4
Bb4+ 9. Nc3 Qf6 10. O-O Bxc3 11. bxc3 O-O 12. e5 Qd8 13. Bxf4 Nf5 14. Bg5 Qa5
15. Qc2 d5 16. exd6 Nxd6 17. Bb3 Bf5 18. Qc1 Bd3 19. Re1 Ne4 20. Bd2 Rac8 21.
d5 Nb8 22. c4 Nxd2 23. Nxd2 Nd7 24. Nf3 b5 25. Nd2 bxc4 26. Nxc4 Bxc4 27. Bxc4
Qc5+ 28. Kh1 Qxc4 29. Qg5 Nf6 30. d6 h6 31. Qd2 Ne4 32. Qf4 f5 33. Rac1 Qe6 34.
Rxc8 Rxc8 35. Rd1 Rd8 36. h3 Rxd6 37. Rb1 Rd8 38. Rb7 Qxa2 39. Qc7 Qa1+ 40. Kh2
Qf6 41. Qc4+ Kh7 42. Rf7 Qe5+ 0-1

[Event "XXXIV C.to Italiano Seniores"]
[Site "Arvier ITA"]
[Date "2012.04.17"]
[Round "4"]
[White "De Polzer, Manfredi"]
[Black "Quagliarella, Sabino Remo"]
[WhiteElo "1692"]
[BlackElo "1901"]
[Result "0-1"]
[PlyCount "38"]
[EventDate "2012.04.14"]

1. d4 Nf6 2. c4 g6 3. Nc3 Bg7 4. Nf3 O-O 5. e4 d6 6. Be2 Nbd7 7. O-O e5 8. dxe5
Nxe5 9. Nxe5 dxe5 10. Qc2 c6 11. Kh1 Qe7 12. a3 Be6 13. b4 Ng4 14. f3 Nh6 15.
Be3 Qh4 16. Qc1 f5 17. Bg5 Qh5 18. Be3 f4 19. Bg1 g5 0-1

[Event "XXXIV C.to Italiano Seniores"]
[Site "Arvier ITA"]
[Date "2012.04.17"]
[Round "4"]
[White "Galanti, Paolo"]
[Black "Maestri, Roberto"]
[WhiteElo "1416"]
[BlackElo "1711"]
[Result "0-1"]
[PlyCount "68"]
[EventDate "2012.04.14"]

1. e4 d6 2. d4 Nf6 3. Nc3 c6 4. f4 Qa5 5. Bd3 Nbd7 6. Bd2 Qb6 7. Nf3 Qxb2 8.
Rb1 Qa3 9. Rb3 Qa5 10. Nd5 Qd8 11. Nxf6+ Nxf6 12. f5 b5 13. O-O e6 14. Qe1 Be7
15. h3 O-O 16. Bg5 Nh5 17. Bxe7 Qxe7 18. Qh4 Qxh4 19. Nxh4 a5 20. Be2 Nf6 21.
Re3 b4 22. e5 dxe5 23. dxe5 Nd5 24. Rg3 exf5 25. Nxf5 Bxf5 26. Rxf5 g6 27. Rf2
Nc3 28. Bf3 Nxa2 29. Bxc6 Rac8 30. Ba4 Nc3 31. Bd7 Rcd8 32. Rd3 Ne4 33. Rf4 Nc5
34. e6 Nxd3 0-1

[Event "XXXIV C.to Italiano Seniores"]
[Site "Arvier ITA"]
[Date "2012.04.17"]
[Round "4"]
[White "Gardi, Giuseppe"]
[Black "Beltrami, Nerio"]
[WhiteElo "2013"]
[BlackElo "1934"]
[Result "0-1"]
[PlyCount "108"]
[EventDate "2012.04.14"]

1. d4 g6 2. c4 Nf6 3. Nc3 Bg7 4. e4 d6 5. f3 b6 6. Bg5 Bb7 7. Qd2 h6 8. Be3
Nbd7 9. Nh3 c5 10. d5 Ne5 11. Nf2 Qd7 12. Be2 h5 13. h3 Qc8 14. f4 Ned7 15. Nd3
h4 16. O-O Nh5 17. Bxh5 Rxh5 18. f5 gxf5 19. Rxf5 Rxf5 20. exf5 Ne5 21. Nxe5
Bxe5 22. Rf1 Qd7 23. Bg5 O-O-O 24. Bxh4 Rh8 25. Bg5 f6 26. Be3 Qe8 27. Ne2 Qg8
28. Rf3 Kb8 29. Nf4 Bxf4 30. Bxf4 Bc8 31. Bh2 Rh5 32. Qd3 Kb7 33. g4 Rh7 34. a3
Qg5 35. Bf4 Qh4 36. Qe4 Bd7 37. b4 Ba4 38. Qe2 Rg7 39. Re3 Qh7 40. Kf1 Bd7 41.
bxc5 dxc5 42. d6 exd6 43. Bxd6 Ka6 44. a4 Bc6 45. a5 Rd7 46. Bh2 Rd4 47. axb6
axb6 48. Bb8 Ba4 49. Ra3 Qd7 50. Qf3 Rd1+ 51. Kg2 Qd2+ 52. Qf2 Qb4 53. Rxa4+
Qxa4 54. Qf3 Qc2+ 0-1

[Event "XXXIV C.to Italiano Seniores"]
[Site "Arvier ITA"]
[Date "2012.04.17"]
[Round "4"]
[White "Giani, Franco"]
[Black "Barlocco, Carlo"]
[WhiteElo "1942"]
[BlackElo "2087"]
[Result "0-1"]
[PlyCount "72"]
[EventDate "2012.04.14"]

1. e3 e5 2. c4 Nf6 3. Nc3 Nc6 4. d4 Bb4 5. d5 Ne7 6. Bd2 O-O 7. a3 Bxc3 8. Bxc3
d6 9. Bd3 Ng6 10. h4 e4 11. Be2 Re8 12. h5 Ne5 13. h6 gxh6 14. Rxh6 Bf5 15. f4
exf3 16. gxf3 Bg6 17. Qd4 Qe7 18. f4 Ned7 19. Rh3 Qe4 20. Rg3 Qxd4 21. Bxd4 Ne4
22. Rg2 Kf8 23. O-O-O Ndc5 24. b4 Nb3+ 25. Kb2 Nxd4 26. Rxd4 a5 27. Nh3 axb4
28. axb4 Nf6 29. Rg3 Ra4 30. f5 Bxf5 31. Rf4 Ne4 32. Rgf3 Bg6 33. Bd3 Rxb4+ 34.
Ka3 Rb6 35. Bc2 Ra8+ 36. Ba4 Nc5 0-1

[Event "XXXIV C.to Italiano Seniores"]
[Site "Arvier ITA"]
[Date "2012.04.17"]
[Round "4"]
[White "Iudicello, Giovanni"]
[Black "Valenti, Giuseppe"]
[WhiteElo "2159"]
[BlackElo "2138"]
[Result "1/2-1/2"]
[PlyCount "59"]
[EventDate "2012.04.14"]

1. e4 c5 2. Nf3 Nc6 3. d4 cxd4 4. Nxd4 Qb6 5. Nb3 Nf6 6. Nc3 e6 7. Bd3 a6 8.
Qe2 Qc7 9. Bd2 b5 10. a3 Be7 11. f4 d6 12. O-O Bb7 13. Rae1 h5 14. h3 h4 15.
Qf2 b4 16. axb4 Nxb4 17. Be3 Nh5 18. Ra1 Ng3 19. Rfe1 Rh5 20. Bb6 Qd7 21. Na5
Rb8 22. Ba7 Rc8 23. Bd4 g6 24. Nxb7 Qxb7 25. Bc4 Nc6 26. Bb6 Rb8 27. Na4 Ra5
28. Bd4 Nxd4 29. Qxd4 e5 30. Qd3 1/2-1/2

[Event "XXXIV C.to Italiano Seniores"]
[Site "Arvier ITA"]
[Date "2012.04.17"]
[Round "4"]
[White "Jeanrenaud, Antonia"]
[Black "Bonino, Silvano"]
[WhiteElo "1597"]
[BlackElo "1516"]
[Result "1-0"]
[PlyCount "59"]
[EventDate "2012.04.14"]

1. e4 c6 2. d4 d5 3. e5 Bf5 4. Bd3 Bxd3 5. Qxd3 e6 6. Nf3 Be7 7. O-O Nd7 8. Bd2
f6 9. a3 Qc7 10. exf6 Ngxf6 11. Bb4 Bxb4 12. axb4 Ng4 13. Nbd2 O-O 14. h3 Ngf6
15. Ng5 Rfe8 16. Rfe1 e5 17. dxe5 Nxe5 18. Qb3 a6 19. Ngf3 Re7 20. Nxe5 Rxe5
21. Nf3 Rxe1+ 22. Rxe1 Re8 23. Rxe8+ Nxe8 24. c4 Nf6 25. b5 axb5 26. cxd5 Nxd5
27. Nd4 Qe5 28. Nxb5 cxb5 29. Qxb5 Nf6 30. Qxe5 1-0

[Event "XXXIV C.to Italiano Seniores"]
[Site "Arvier ITA"]
[Date "2012.04.17"]
[Round "4"]
[White "Lisandri, Luigi"]
[Black "Pierantoni, Guglielmo"]
[WhiteElo "1434"]
[BlackElo "1693"]
[Result "0-1"]
[PlyCount "32"]
[EventDate "2012.04.14"]

1. e4 c5 2. Nf3 Nc6 3. Bb5 Qc7 4. Nc3 e6 5. O-O a6 6. Re1 axb5 7. Nxb5 Qb8 8.
d3 d6 9. e5 Bd7 10. c4 Nxe5 11. Nxe5 Bxb5 12. Nxf7 Kxf7 13. Qf3+ Nf6 14. cxb5
d5 15. Bg5 h6 16. Re2 hxg5 0-1

[Event "XXXIV C.to Italiano Seniores"]
[Site "Arvier ITA"]
[Date "2012.04.17"]
[Round "4"]
[White "Nai, Giovanni"]
[Black "Cavatorta, Fosco"]
[WhiteElo "1651"]
[BlackElo "1929"]
[Result "0-1"]
[PlyCount "80"]
[EventDate "2012.04.14"]

1. e4 d6 2. d4 Nf6 3. Nc3 c6 4. Be2 Nbd7 5. Be3 e5 6. dxe5 dxe5 7. Qd2 Bb4 8.
f3 Qa5 9. Kf2 Nc5 10. Bd3 O-O 11. Nge2 Rd8 12. Qd1 Nxd3+ 13. cxd3 Be6 14. Qc2
Bc5 15. Ng3 Bxe3+ 16. Kxe3 Qc5+ 17. Ke2 b5 18. Rhc1 Qd4 19. Nd1 c5 20. Ne3 g6
21. Qc3 Qd6 22. b3 Rd7 23. Rd1 h5 24. Rac1 h4 25. Ngf1 Rc8 26. Qe1 g5 27. g3
Nh5 28. Qd2 hxg3 29. hxg3 f6 30. Ke1 Rh7 31. b4 Rhc7 32. bxc5 Rxc5 33. Qh2 Rxc1
34. Qxh5 Rxd1+ 35. Nxd1 Bf7 36. Qg4 Rd8 37. f4 exf4 38. gxf4 Qxf4 39. Qxf4 gxf4
40. Ke2 Bh5+ 0-1

[Event "XXXIV C.to Italiano Seniores"]
[Site "Arvier ITA"]
[Date "2012.04.17"]
[Round "4"]
[White "Nipote, Mario"]
[Black "Scalfi, Agostino"]
[WhiteElo "1504"]
[BlackElo "1923"]
[Result "1/2-1/2"]
[PlyCount "51"]
[EventDate "2012.04.14"]

1. d4 Nf6 2. c4 d5 3. Nc3 e6 4. Bf4 c6 5. e3 Bd6 6. Bxd6 Qxd6 7. c5 Qc7 8. Bd3
Nbd7 9. Nf3 e5 10. dxe5 Nxe5 11. Nxe5 Qxe5 12. Qe2 Be6 13. f4 Qc7 14. h3 Qa5
15. f5 Bd7 16. O-O O-O-O 17. Rac1 Rhe8 18. Qf2 Qxc5 19. Rfe1 Qd6 20. Ne2 Ne4
21. Bxe4 Rxe4 22. Nc3 Re5 23. Red1 Rxf5 24. Qd2 Qg6 25. Nxd5 Rxd5 26. Qxd5
1/2-1/2

[Event "XXXIV C.to Italiano Seniores"]
[Site "Arvier ITA"]
[Date "2012.04.17"]
[Round "4"]
[White "Palermiti, Francesco"]
[Black "Lodi, Paolo"]
[WhiteElo "1545"]
[BlackElo "1595"]
[Result "1-0"]
[PlyCount "85"]
[EventDate "2012.04.14"]

1. d4 Nf6 2. Nf3 g6 3. e3 Bg7 4. Nbd2 O-O 5. c4 d6 6. b3 Nbd7 7. Bb2 Re8 8. Bd3
e5 9. dxe5 dxe5 10. e4 Nc5 11. Bc2 Nh5 12. g3 Bh3 13. Qe2 h6 14. O-O-O Qf6 15.
Rhg1 Rad8 16. Qe3 b6 17. Nh4 Qe6 18. f3 Qd6 19. Nb1 Qe7 20. Nc3 c6 21. Kb1 Bc8
22. Ng2 Ne6 23. Ne2 Rxd1+ 24. Rxd1 Rd8 25. Rxd8+ Qxd8 26. Qf2 Nd4 27. Nxd4 exd4
28. Bd3 c5 29. g4 Nf6 30. e5 Ne8 31. Qg3 Qg5 32. Bc1 Qxe5 33. Bf4 Qe6 34. Bb8
Bf8 35. f4 Qxg4 36. Qxg4 Bxg4 37. Bxa7 Bd6 38. Bxb6 Nf6 39. a4 Nh5 40. Be4 Bc8
41. a5 Bxf4 42. Nxf4 Nxf4 43. Bxc5 1-0

[Event "XXXIV C.to Italiano Seniores"]
[Site "Arvier ITA"]
[Date "2012.04.17"]
[Round "4"]
[White "Papa, Angelo"]
[Black "Goli, Daniele"]
[WhiteElo "1852"]
[BlackElo "1961"]
[Result "0-1"]
[PlyCount "106"]
[EventDate "2012.04.14"]

1. d4 g6 2. c4 Bg7 3. Nc3 d6 4. e4 Nf6 5. f3 Nbd7 6. Bg5 h6 7. Be3 O-O 8. Qd2
Kh7 9. Nh3 e5 10. d5 Nc5 11. Nf2 a5 12. Be2 Qe7 13. O-O Bd7 14. Rac1 b6 15. Nb5
Ne8 16. Nd3 Nxd3 17. Bxd3 Qd8 18. f4 Qe7 19. fxe5 Bxe5 20. Bxh6 Bxh2+ 21. Kxh2
Qh4+ 22. Kg1 Qxh6 23. Qxh6+ Kxh6 24. Rf2 f6 25. Rcf1 Bxb5 26. cxb5 Rf7 27. Rf3
Re7 28. Rh3+ Kg7 29. Rg3 Re5 30. Rgf3 Rd8 31. Rg3 Rd7 32. Rgf3 Rde7 33. Kh2 Rg5
34. Rg3 Ree5 35. Rf2 Kh6 36. Rh3+ Rh5 37. Rff3 Rxh3+ 38. Kxh3 Rh5+ 39. Kg3 Rh1
40. Rf1 Rxf1 41. Bxf1 Kg5 42. Be2 f5 43. Kf3 Nf6 44. exf5 gxf5 45. Bc4 Nd7 46.
b3 Ne5+ 47. Kg3 f4+ 48. Kf2 Kf5 49. g3 fxg3+ 50. Kxg3 Ke4 51. Kf2 Nxc4 52. bxc4
a4 53. Ke2 Kd4 0-1

[Event "XXXIV C.to Italiano Seniores"]
[Site "Arvier ITA"]
[Date "2012.04.17"]
[Round "4"]
[White "Pipitone, Antonio"]
[Black "Antonelli, Fabrizio"]
[WhiteElo "1941"]
[BlackElo "2023"]
[Result "1/2-1/2"]
[PlyCount "92"]
[EventDate "2012.04.14"]

1. e4 e5 2. Nf3 Nc6 3. Bb5 a6 4. Ba4 Nf6 5. O-O Be7 6. Re1 b5 7. Bb3 O-O 8. c3
d6 9. h3 Nb8 10. d4 Nbd7 11. Nbd2 Bb7 12. Bc2 c5 13. Nf1 cxd4 14. cxd4 Rc8 15.
Ng3 Re8 16. Be3 Bf8 17. Rc1 g6 18. Nh2 Bg7 19. Ng4 Nxg4 20. hxg4 Rc4 21. d5 h6
22. f3 Qa5 23. a3 Rec8 24. Kf2 Qc7 25. Bb1 Rxc1 26. Bxc1 a5 27. Rh1 b4 28. Ne2
Ba6 29. Be3 Bxe2 30. Qxe2 g5 31. axb4 axb4 32. Rc1 Nc5 33. Qc4 Qb6 34. Ke2 Bf8
35. b3 Ra8 36. Bd2 Rb8 37. Be3 Qa5 38. Bxc5 Qxc5 39. Qxc5 dxc5 40. Kd3 Bd6 41.
Kc4 Kg7 42. Bd3 Rb6 43. Ra1 Kg6 44. Ra5 Kf6 45. Be2 Rb7 46. Ra6 Ke7 1/2-1/2

[Event "XXXIV C.to Italiano Seniores"]
[Site "Arvier ITA"]
[Date "2012.04.17"]
[Round "4"]
[White "Renzini, Lorenzo"]
[Black "Berendino, Giacomo"]
[WhiteElo "1745"]
[BlackElo "1576"]
[Result "1-0"]
[PlyCount "109"]
[EventDate "2012.04.14"]

1. c4 e6 2. Nc3 f5 3. Nf3 Nf6 4. d3 Be7 5. g3 b6 6. Bg2 Bb7 7. O-O O-O 8. b3 d6
9. Bb2 e5 10. e3 Na6 11. d4 e4 12. Ng5 Qd7 13. d5 Nc5 14. Ne6 Nxe6 15. dxe6
Qxe6 16. Nb5 Qd7 17. Nd4 c5 18. Ne2 d5 19. cxd5 Nxd5 20. Qd2 Qe6 21. a3 Bf6 22.
Rad1 Bxb2 23. Qxb2 Qf6 24. Qc2 Qf7 25. Rd2 Ba6 26. Rfd1 Bd3 27. Qb2 Qf6 28.
Qxf6 Rxf6 29. Rxd3 exd3 30. Bxd5+ Kf8 31. Nf4 Rd8 32. Rxd3 Ke7 33. Bc4 Rxd3 34.
Nxd3 Kd6 35. f4 Rf8 36. Kf2 Ke7 37. Ne5 Rf6 38. h4 Rd6 39. Ke2 Kf6 40. a4 Ke7
41. Bb5 Kf6 42. h5 Rd8 43. Bd3 g6 44. hxg6 hxg6 45. Bc4 Rh8 46. g4 fxg4 47.
Nxg4+ Kf5 48. Ne5 Rh3 49. Bd3+ Kf6 50. Bxg6 Rh2+ 51. Kd3 Rb2 52. Bf7 a6 53. Bc4
b5 54. axb5 axb5 55. Bd5 1-0